000 00201nam a2200097Ia 4500
008 240331s9999 xx 000 0 und d
082 _bPRE
100 _aPremji
245 0 _aPremji katturegal
942 _cL
999 _c4675
_d4675